UK Number Ones in 2025 - Statistics

General Stats
  • This quiz has been taken 23 times
  • The average score is 9 of 15
Answer Stats
Hint Answer % Correct
Wham! Last Christmas
100%
Sabrina Carpenter Manchild
74%
Chappell Roan Pink Pony Club
74%
Huntrix / Ejae / Audrey Nuna / Rei Ami & Kpop Demon Hunters Cast Golden
70%
Lola Young Messy
70%
Olivia Dean Man I Need
65%
Kendrick Lamar Not Like Us
65%
Alex Warren Ordinary
61%
Kylie Minogue Xmas
57%
Justin Bieber Daisies
43%
Gracie Abrams That's So True
43%
Taylor Swift The Fate of Ophelia
43%
Chappell Roan The Subway
39%
MK feat. Chrystal Dior
26%
Lewis Capaldi Survive
26%
No matching quizzes found
Score Distribution
Percent of People with Each Score
Percentile by Number Answered
Your Score History
You have not taken this quiz